000
00305nam a22001217a 4500
020
_a
9788126522880
082
_2
22
_a
629.8
100
_a
Ramachandra, K.P.
245
_a
Control engineering /
260
_a
New Delhi,
_b
Wiley and Sons,
_c
c2011.
300
_a
xiii, 562p. ;
_b
ill. ;
_c
23 cm.
942
_2
ddc
_c
EE
_0
10
999
_c
244
_d
244